Najzimniejsze państwa świata - Statystyki

Ogólne statystyki
  • Ten quiz został rozwiązany 41 616 razy
  • Średni wynik to 12 z 20
Statystyki odpowiedzi
° C Państwo % Poprawnych
-5.10 Rosja
98%
1.50 Norwegia
94%
-5.35 Kanada
93%
2.10 Szwecja
93%
1.70 Finlandia
92%
1.75 Islandia
86%
5.10 Estonia
72%
6.20 Litwa
70%
5.60 Łotwa
70%
-0.70 Mongolia
67%
6.40 Kazachstan
63%
6.15 Białoruś
55%
5.70 Korea Północna
41%
1.55 Kirgistan
37%
2.00 Tadżykistan
37%
5.50 Szwajcaria
35%
6.35 Austria
32%
5.80 Gruzja
32%
6.80 Słowacja
25%
5.65 Liechtenstein
23%
Nie znaleziono quizów pasujących do podanych kryteriów
Rozkład punktacji
Procent ludzi z każdym wynikiem
Percentyl według liczby udzielonych odpowiedzi
Twoja historia wyników
Nie rozwiązałeś tego quizu